Sale of Goods and Consumer Credit (Record no. 6248)

MARC details
005 - DATE AND TIME OF LATEST TRANSACTION
control field 20250629100702.0
020 ## - INTERNATIONAL STANDARD BOOK NUMBER
International Standard Book Number 0421292202
082 ## - DEWEY DECIMAL CLASSIFICATION NUMBER
Classification number 344.206722 DOB
100 ## - MAIN ENTRY--PERSONAL NAME
Author name DOBSON,A.P.
245 ## - TITLE STATEMENT
Title Sale of Goods and Consumer Credit
250 ## - EDITION STATEMENT
Edition statement 3rd Ed.
260 ## - PUBLICATION, DISTRIBUTION, ETC.
Place of publication, distribution, etc. London
Name of publisher, distributor, etc. Sweet & maxwell
Date of publication, distribution, etc. 1984
300 ## - PHYSICAL DESCRIPTION
Extent xxvii,369p.
Other physical details Index
Dimensions 21cm.
942 ## - ADDED ENTRY ELEMENTS (KOHA)
Source of classification or shelving scheme Dewey Decimal Classification
Koha item type Books
Holdings
Date last seen Total checkouts Full call number Barcode Cost, replacement price Price effective from Koha item type Lost status Source of classification or shelving scheme Damaged status Not for loan Withdrawn status Home library Current library Shelving location Date acquired Source of acquisition Cost, normal purchase price
06/29/2025   344.20672 DOB DOM0003867 45000.00 06/29/2025 Books   Dewey Decimal Classification       CBE Dodoma CBE Dodoma General Collection 01/07/1986 Library budget 15000.00